"Damit hat sie ein Zeitzeugnis abgelegt, das aufgearbeitet werden muss."

Titel: "Damit hat sie ein Zeitzeugnis abgelegt, das aufgearbeitet werden muss." : Vorstudie zur Erschließung des modefotografischen Archivs von Angelica Blechschmidt
Verfasser: ;
In: Rundbrief Fotografie, Band 32, Heft 3 (2025), Seite 20-30
alle Artikel anzeigen
Veröffentlicht: 2025
Umfang: Illustrationen
Format: Aufsatz
Sprache: Deutsch
Kein Bild verfügbar
X
alg: 54179535
001A    $03036:05-02-26 
001B    $01999:05-02-26 $t21:53:21.000 
001D    $03036:05-02-26 
001U    $0utf8 
001X    $00 
002@    $0Aou 
002C    $aText $btxt $2rdacontent 
002D    $aohne Hilfsmittel zu benutzen $bn $2rdamedia 
002E    $aBand $bnc $2rdacarrier 
003@    $054179535X 
007A    $054179535X $aHEB 
009P    $3Volltext $uhttps://www.degruyterbrill.com/journal/key/rbf/32/3/html 
010@    $ager 
010E    $erda 
011@    $a2025 
021A    $a"Damit hat sie ein Zeitzeugnis abgelegt, das aufgearbeitet werden muss." $dVorstudie zur Erschließung des modefotografischen Archivs von Angelica Blechschmidt 
028A    $BVerfasser $4aut $8Jablonski, Alicia [Tp3] $9469720352 
028C    $BVerfasser $4aut $71071151878 $8Watzlawik, Jan C.$Z1980- [Tp3] $9359162274 
031A    $d32 $e3 $h20-30 $j2025 
034M    $aIllustrationen 
039B    $aEnthalten in $8--Abvc--. Rundbrief Fotografie. - Berlin : Deutscher Kunstverlag, 1993-. - ISSN 0945-0327 $x202500000320003980 $9048641111 
045T    $a9,11 $a24,1 

lok: 54179535 105

exp: 54179535 105 1 #EPN
201B/01 $005-02-26 $t10:55:50.000 
201C/01 $005-02-26 
201U/01 $0utf8 
203@/01 $01333554842 
208@/01 $a05-02-26 $be 
209A/01 $a/ $f106 $x00 
245Z/01 $a2.08.01. $bArchivwissenschaft und Archivtheorie / Erschließung / Allgemeines $x01 
245Z/01 $a2.16.04.03. $bArchivwissenschaft und Archivtheorie / Archivaliengattungen / Bild- und Tonträger / Fotos $x02 
247C/01 $8->Marburg, Bibliographie zum Archivwesen der Archivschule Marburg $939588196X
LEADER 00000caa a2200000 c 4500
001 54179535X
003 DE-603
005 20260205215321.0
007 tu
008 260205s2025 xx |||| | u00||u|ger c
035 |a (DE-599)HEB54179535X 
040 |a DE-603  |b ger  |c DE-603  |d DE-603  |e rda 
041 |a ger 
084 |a 9,11  |a 24,1  |2 ssgn 
100 1 |a Jablonski, Alicia  |e Verfasser  |4 aut  |0 (DE-603)469720352  |0 (DE-588)1218089296  |2 gnd 
245 0 0 |a "Damit hat sie ein Zeitzeugnis abgelegt, das aufgearbeitet werden muss."  |b Vorstudie zur Erschließung des modefotografischen Archivs von Angelica Blechschmidt 
264 0 |c 2025 
300 |b Illustrationen 
336 |a Text  |b txt  |2 rdacontent 
337 |a ohne Hilfsmittel zu benutzen  |b n  |2 rdamedia 
338 |a Band  |b nc  |2 rdacarrier 
700 1 |a Watzlawik, Jan C.  |d 1980-  |e Verfasser  |4 aut  |0 (DE-603)359162274  |0 (DE-588)1071151878  |2 gnd 
773 0 8 |i Enthalten in  |t Rundbrief Fotografie  |d Berlin : Deutscher Kunstverlag, 1993-  |h 30 cm  |x 0945-0327  |g Band 32, Heft 3 (2025), Seite 20-30  |w (DE-603)048641111  |w (DE-600)1176458-2 
856 4 2 |u https://www.degruyterbrill.com/journal/key/rbf/32/3/html  |3 Volltext 
924 0 |9 -  |a (DE-603)1333554842  |b DE-  |c HES  |d d  |g /